000 00623nam a2200229Ia 4500
003 OSt
005 20220928124504.0
006 a|||||r|||| 00| 0
007 ta
008 220927b |||||||| |||| 00| 0 eng d
024 _a132288
037 _cTextual
040 _aSDCL
_cSDCL
_beng
041 _2eng
_aeng
082 _aQ7, C4
100 _aHughes Rev T P
_9465635
245 0 _aNotes on muhammadanism being outlines of the religious system of Islam.
260 _aDelhi
_bIdarah
_c1894
300 _axvi,282p.
_ccm.
942 _hQ7, C4
_cTEXL
_2CC
999 _c778530
_d778530